Dictionary Proximity: Desserts Quiz Stats

 Plays Quiz not verified by Sporcle

Also try: Y-Ending Boy Names
Challenge
Share
Tweet
Embed
Score 0/28 Timer 06:00
0 Plays Today
Proximity Dessert Actual Dessert % Correct
TiradeTiramisu
77.4%
EclecticallyÉclairs
71.7%
Stratus CheeseclothStrawberry Cheesecake
67.9%
FlamboyantFlan
67.9%
Kevlar Limerick PigKey Lime Pie
67.9%
Pinball Upshot-Dowery CajolerPineapple Upside-Down Cake
66%
Appetizer CrunchApple Crumble
54.7%
Angashore Foochow CajuputAngel Food Cake
52.8%
Pistol Icarus-CreakPistachio Ice-Cream
52.8%
Peacenik CobraPeach Cobbler
49.1%
Frugal SalamanderFruit Salad
47.2%
Balkan AlarmBaked Alaska
43.4%
Rockefeller RivieraRocky Road
43.4%
Pamphlet with Maori SyringesPancakes with Maple Syrup
43.4%
Proximity Dessert Actual Dessert % Correct
Recyclable Velocity CupidRed Velvet Cupcakes
41.5%
CannonballCannoli
41.5%
Blabbermouth Foretold GatecrasherBlack Forest Gateau
37.7%
Crematorium CaravanCrème Caramel
35.8%
Sticktoitiveness Toenail Puddle-JumperSticky Toffee Pudding
30.2%
Cinquain BungalowsCinnamon Buns
30.2%
Chloroplast BrouhahaChocolate Brownie
30.2%
ProgesteroneProfiteroles
28.3%
Victimless SponsorshipVictoria Sponge
24.5%
Tarsus TatteredTarte Tatin
22.6%
Etiquette MesquiteEton Mess
22.6%
Bancroft ForrestBananas Foster
20.8%
Battery CalabarBattenberg Cake
13.2%
Passive SorcererPassionfruit Sorbet
7.5%

You're not logged in!

Compare scores with friends on all Sporcle quizzes.
Join for Free
OR
Log In

You Might Also Like...

Show Comments

Extras

Top Quizzes Today


Score Distribution

Your Account Isn't Verified!

In order to create a playlist on Sporcle, you need to verify the email address you used during registration. Go to your Sporcle Settings to finish the process.

Report this User

Report this user for behavior that violates our Community Guidelines.

Details: